000 00798nam a2200229Ia 4500
999 _c39272
_d39272
001 5858
003 GE_BSU
005 20190917165509.0
008 181216s1973||||ge |||||||||||||| ||geo||
040 _cGE_BSU
041 _ageo
080 _a821.353.1-1 ა-66
100 _aანანიძე, შ.
_94073
245 _aსიყვარულმა მათქმევინა /
_cშ. ანანიძე ; რედ. ჯ. სურმანიძე.
264 _aბათუმი :
_bაჭარა ;
_c1998.
300 _a40 გვ. ;
_c13 სმ.
541 _h2ლ.
653 _aსიყვარულმა მათქმევინა
653 _aლექსები
700 _aზოიძე, შ.
_eრედაქტორი
_92577
942 _cBK
_2udc